Escribir un guión de cine o televisión

Cómo escribir un guión. Los aspectos técnicos y formales. La concreción de la idea y el correcto ordenamiento de las secuencias. Las pautas necesarias para que cada autor pueda crear su propio universo y establecer un método productivo y funcional. El proceso de la película, desde el comienzo de una...

Full description

Bibliographic Details
Main Author: Selinger, Valeria C.
Format: Libro
Language:Spanish
Published: Barcelona : El Andén, 2008.
Series:Gran vía express
Subjects:
Online Access:

MARC

LEADER 00000cam a22000007a 4500
003 UAHC
005 20200106172158.0
008 180405s2008 sp ||||| |||| 00| 0 spa d
952 |0 0  |1 0  |2 ddc  |4 0  |6 791_000000000000000_SEL  |7 0  |8 COMP  |9 93173  |a BS  |b BS  |c General  |d 2020-01-06  |e Donación: Albert Jara  |l 4  |m 3  |o 791 SEL  |p 1443549  |r 2025-11-26 00:00:00  |s 2024-07-31  |t c.1  |w 2020-01-06  |y BK  |B CINE 
999 |c 52909  |d 52909 
020 |a 9788496929395 
035 |a ARTES 
040 |a UAHC_CL  |c UAHC_CL  |d UAHC_CL 
082 |a 791  |b S465  |2 21 
100 |9 10288  |a Selinger, Valeria C. 
245 1 0 |a Escribir un guión de cine o televisión  |c Valeria C. Selinger. 
260 |a Barcelona :   |b El Andén,   |c 2008. 
300 |a 197 p. 
440 |9 10289  |a Gran vía express 
520 |a Cómo escribir un guión. Los aspectos técnicos y formales. La concreción de la idea y el correcto ordenamiento de las secuencias. Las pautas necesarias para que cada autor pueda crear su propio universo y establecer un método productivo y funcional. El proceso de la película, desde el comienzo de una idea hasta la finalización del guión. Además de información útil sobre el mundo del cine para que se descarten falsos mitos. 
541 |a Donación Poli Délano 
650 0 |a Guiones cinematograficos  |9 2767 
650 0 |a Libretos para televisión   |9 10290 
942 |2 ddc  |c BK